000
00254nam a2200097Ia 4500
001
1181987
005
20250827020826.0
008
250824s9999 xx 000 0 und d
245
0
_a
TAHTSIZ SULTAN KAŞGARLI MAHMUT
_c
ALİ SAÇIKARA
260
_b
ATLI KARINCA
999
_c
1181987
_d
1181987